[Event "ICS rated blitz match"]
[Site "204.178.125.65"]
[Date "1999.09.24"]
[Round "?"]
[White "Hossa"]
[Black "PostModernist"]
[Result "1-0"]
[WhiteElo "2421"]
[BlackElo "2645"]
[PlyCount "183"]
[EventDate "1999.??.??"]

1. e4 g6 2. d4 Na6 3. Bxa6 bxa6 4. Ne2 Bb7 5. f3 Bg7 6. O-O e6 7. c4 Ne7 8. Bg5
c5 9. Nbc3 cxd4 10. Nxd4 Qb6 11. Be3 Qxb2 12. Nde2 Qa3 13. Rb1 Bc8 14. Rb3 Qa5
15. Bd4 e5 16. Be3 O-O 17. Qd6 Re8 18. Rfb1 Nc6 19. c5 Qd8 20. Qd2 Re6 21. R3b2
d6 22. Rd1 Bf8 23. Bh6 Qa5 24. Bxf8 Qxc5+ 25. Kh1 Kxf8 26. Nd5 Bd7 27. Nc7 Rae8
28. Rc1 Qa5 29. Nxe6+ Rxe6 30. Qd5 Qa3 31. Rb3 Qa4 32. Nc3 Qa5 33. Rb8+ Kg7 34.
Rb7 Qd8 35. Qd2 Bc8 36. Rb2 Kg8 37. Nd5 Bd7 38. Rb7 a5 39. a3 Be8 40. Rcb1 Bd7
41. Kg1 Kg7 42. R1b2 h6 43. Rc2 Kh7 44. Rc1 Qe8 45. Nc7 Qc8 46. Rcb1 Nd8 47.
Rxa7 Nc6 48. Qe3 a4 49. Rab7 Nd8 50. Nxe6 Nxb7 51. Rc1 Qb8 52. Nc7 Nc5 53. Nd5
Kg7 54. Rc4 Qb1+ 55. Qc1 Qd3 56. Nb4 Qb3 57. Rc3 Qe6 58. Qe3 f5 59. Nd3 Nb3 60.
Rc7 Nd4 61. Nf4 Qf7 62. Nd5 Ne6 63. Ra7 Nc5 64. Nb6 Qe6 65. Qe2 Kf7 66. Qd1
fxe4 67. fxe4 h5 68. Nxd7 Nxd7 69. Rxa4 Ke7 70. Rb4 Qa2 71. Qd3 Nc5 72. Qe3
Qa1+ 73. Kf2 Qd1 74. Qe2 Nd3+ 75. Ke3 Qxe2+ 76. Kxe2 Nxb4 77. axb4 d5 78. exd5
Kd6 79. h4 Kxd5 80. Ke3 Ke6 81. b5 Kd5 82. b6 Kc6 83. b7 Kxb7 84. Ke4 Kc6 85.
Kxe5 Kc7 86. Kf6 Kd6 87. Kxg6 Ke5 88. Kxh5 Kf6 89. g4 Kg7 90. Kg5 Kh7 91. Kf6
Kh8 92. g5 {PostModernist resigns} 1-0

[Event "ICS rated blitz match"]
[Site "204.178.125.65"]
[Date "1999.09.16"]
[Round "?"]
[White "Hossa"]
[Black "PostModernist"]
[Result "0-1"]
[WhiteElo "2452"]
[BlackElo "2563"]
[PlyCount "168"]
[EventDate "1999.??.??"]

1. e4 c6 2. Nf3 d5 3. Nc3 Bg4 4. h3 Bxf3 5. Qxf3 e6 6. g3 Nf6 7. Bg2 Bb4 8. e5
Nfd7 9. Qg4 Bf8 10. f4 c5 11. d3 Nc6 12. Bd2 Nd4 13. Rc1 Qb6 14. b3 O-O-O 15.
O-O f6 16. Na4 Qc7 17. c4 fxe5 18. Qd1 dxc4 19. bxc4 exf4 20. Bxf4 Bd6 21. Rb1
Bxf4 22. Rxf4 b6 23. Nc3 Ne5 24. Ne4 Nf5 25. Rb3 Ng6 26. Rf2 Nxg3 27. Qf3 Nf5
28. Ng5 Nd4 29. Qa8+ Qb8 30. Qe4 Ne5 31. Rb1 h6 32. Nf7 Nxf7 33. Rxf7 Rd7 34.
Rxd7 Kxd7 35. Qg6 Nf5 36. Qf7+ Kd6 37. Re1 Re8 38. Bd5 Nd4 39. Qh5 Kd7 40. Qg6
Re7 41. Qg4 g5 42. Bg2 Qf4 43. Qh5 Qd2 44. Qd1 Qxa2 45. Qh5 Qd2 46. Re4 Qxd3
47. Re1 Rh7 48. Rd1 Qf5 49. Rf1 Qc2 50. Rf7+ Kd6 51. Bf1 Rxf7 52. Qxf7 Qb2 53.
h4 Qa2 54. hxg5 hxg5 55. Bd3 Qa1+ 56. Kh2 Qe1 57. Qf8+ Kd7 58. Qf7+ Kc6 59.
Qe8+ Kb7 60. Qd7+ Ka6 61. Qa4+ Qa5 62. Qd1 Qa2+ 63. Kh3 Nc6 64. Kg4 Qg2+ 65.
Kh5 g4 66. Qa1+ Na5 67. Qb1 Qh3+ 68. Kg6 Kb7 69. Kf7 Kc7 70. Qd1 Qh5+ 71. Bg6
Qg5 72. Qf1 g3 73. Bd3 g2 74. Qg1 Qh5+ 75. Kxe6 Qh1 76. Qe3 g1=Q 77. Qe5+ Kc8
78. Bf5 Nc6 79. Kd6+ Kb7 80. Bc8+ Kb8 81. Bf5 Nxe5 82. Bg4 Qxg4 83. Kxe5 Qhe4+
84. Kf6 84... Qgg6# {Hossa checkmated} 0-1

[Event "ICS rated blitz match"]
[Site "204.178.125.65"]
[Date "1999.10.04"]
[Round "?"]
[White "Hossa"]
[Black "PostModernist"]
[Result "1-0"]
[WhiteElo "2355"]
[BlackElo "2585"]
[PlyCount "267"]
[EventDate "1999.??.??"]

1. e4 c5 2. Nf3 d6 3. d4 Nf6 4. dxc5 Qa5+ 5. Bd2 Qxc5 6. Bd3 Nc6 7. O-O Bg4 8.
Nc3 Nd4 9. Be3 Bxf3 10. gxf3 e5 11. Nb5 a6 12. Nxd4 exd4 13. Bxd4 Qc6 14. Bxf6
gxf6 15. Kh1 O-O-O 16. c4 Qc5 17. Qd2 Rg8 18. Rg1 Bg7 19. Bf1 Kb8 20. Rd1 Qc6
21. Qa5 Rde8 22. Qd5 Qxd5 23. Rxd5 Kc7 24. Rh5 h6 25. Rh3 Bh8 26. Rxg8 Rxg8 27.
Rxh6 f5 28. b4 fxe4 29. fxe4 Bc3 30. a3 Bb2 31. Rh3 Kb8 32. Rd3 Be5 33. a4 b6
34. Be2 Rh8 35. h3 Rg8 36. h4 Kc7 37. h5 a5 38. bxa5 bxa5 39. Rd5 Bc3 40. c5
Rd8 41. Kg2 Bb4 42. cxd6+ Rxd6 43. Rxd6 Bxd6 44. Bc4 f6 45. h6 Bf8 46. h7 Bg7
47. f4 Kd6 48. Kf3 Ke7 49. Kg4 Bh8 50. Kf5 Kd6 51. Bb5 Ke7 52. Kg6 Kf8 53. f5
Ke7 54. Bc6 Kf8 55. e5 Ke7 56. e6 Kf8 57. Bd7 Ke7 58. Bb5 Kf8 59. Bc6 Ke7 60.
Kh5 Kd6 61. Bb7 Ke7 62. Kh6 Kf8 63. Be4 Ke7 64. Kg6 Kf8 65. Bd5 Ke8 66. Kh6 Kd8
67. Bc6 Ke7 68. Bb5 Kf8 69. Kg6 Ke7 70. Bc4 Kf8 71. Bd3 Ke8 72. Be2 Ke7 73. Ba6
Kf8 74. Bc4 Ke7 75. Bf1 Kf8 76. Kh5 Ke7 77. Kh6 Ke8 78. Ba6 Ke7 79. Bd3 Kf8 80.
Kh5 Ke7 81. Bf1 Kf8 82. Kg6 Ke7 83. Be2 Ke8 84. Bd3 Ke7 85. Bc2 Ke8 86. Bb3 Kf8
87. Kh5 Ke7 88. Kh6 Kf8 89. Bd5 Ke7 90. Be4 Kf8 91. Bd3 Ke8 92. Be2 Ke7 93. Bc4
Kf8 94. Bb5 Ke7 95. Bc6 Kf8 96. Kh5 Ke7 97. Kg4 Kd6 98. Bb7 Ke7 99. Be4 Kf8
100. Bd3 Ke7 101. Bb5 Kf8 102. Kf4 Ke7 103. Ke4 Kd6 104. Bd3 Bg7 105. Kd4 Bh8
106. e7 Kxe7 107. Kc5 Kf8 108. Bc4 Kg7 109. Bg8 Kh6 110. Kb6 Kg5 111. Be6 Kh6
112. Kxa5 Kxh7 113. Kb6 Bg7 114. a5 Bh6 115. a6 Be3+ 116. Kb7 Kh6 117. a7 Bxa7
118. Kxa7 Kg5 119. Kb6 Kf4 120. Kc6 Ke5 121. Kd7 Kd4 122. Ke7 Ke5 123. Kf7 Ke4
124. Kxf6 Kd4 125. Ke7 Kc5 126. f6 Kd4 127. f7 Ke4 128. f8=Q Ke3 129. Kd6 Ke2
130. Qf4 Kd3 131. Qf2 Kc3 132. Kc5 Kd3 133. Bf5+ Kc3 134. Qc2# {
PostModernist checkmated} 1-0

[Event "ICS rated blitz match"]
[Site "204.178.125.65"]
[Date "1999.10.01"]
[Round "?"]
[White "Hossa"]
[Black "PostModernist"]
[Result "1-0"]
[WhiteElo "2374"]
[BlackElo "2519"]
[PlyCount "90"]
[EventDate "1999.??.??"]

1. e4 c5 2. Nf3 e6 3. d4 cxd4 4. Nxd4 Nf6 5. Nc3 d6 6. Bg5 Nc6 7. Bb5 Bd7 8.
Nde2 h6 9. Bh4 Qb6 10. a4 O-O-O 11. O-O g5 12. Bg3 a6 13. a5 Nxa5 14. Bxd7+
Nxd7 15. Na4 Qc7 16. Qd4 Be7 17. Rfd1 Nc6 18. Qd2 Nb6 19. Qe3 Nxa4 20. Rxa4 h5
21. h3 g4 22. h4 Bf6 23. Qa3 Be5 24. c4 Ne7 25. Nd4 Ng6 26. Rd2 Bxg3 27. fxg3
Ne5 28. Rf2 Qd7 29. Rf1 Nd3 30. Ra5 Qc7 31. Ra1 Nc5 32. Qe3 Qb6 33. Nb3 Nd7 34.
c5 dxc5 35. Nxc5 Qxb2 36. Nxa6 bxa6 37. Rxa6 Rdf8 38. Ra8+ Kc7 39. Qa7+ Kc6 40.
Qa4+ Kd6 41. Rd1+ Ke7 42. Qxd7+ Kf6 43. Ra6 Qe5 44. Rf1+ Kg7 45. Ra7 45... Qc5+
{PostModernist resigns} 1-0

[Event "ICS rated blitz match"]
[Site "204.178.125.65"]
[Date "1999.10.15"]
[Round "?"]
[White "Hossa"]
[Black "PostModernist"]
[Result "0-1"]
[WhiteElo "2426"]
[BlackElo "2569"]
[PlyCount "74"]
[EventDate "1999.??.??"]

1. e4 c5 2. Nf3 Nc6 3. d4 cxd4 4. Nxd4 Nf6 5. Nc3 d6 6. Be2 e6 7. Be3 a6 8. O-O
Be7 9. f4 Qc7 10. Rb1 Bd7 11. Bf3 O-O 12. Qe2 Nxd4 13. Bxd4 e5 14. Be3 exf4 15.
Bxf4 Rac8 16. Qf2 Rfe8 17. Rbd1 Be6 18. Qd4 Qd8 19. Qb4 Bc4 20. Rf2 d5 21. Qa4
Bc5 22. Bg3 b5 23. Qxa6 Re6 24. Qb7 Re7 25. Qa6 Ra7 26. Qxa7 Bxa7 27. a3 g5 28.
h3 h5 29. Nxd5 Bxd5 30. exd5 g4 31. hxg4 hxg4 32. Be2 Ne4 33. Bxb5 Nxg3 34. Rd4
Bxd4 35. Bd3 Qh4 36. Bh7+ Qxh7 37. d6 37... Qh1# {Hossa checkmated} 0-1

[Event "ICS rated blitz match"]
[Site "204.178.125.65"]
[Date "1999.08.29"]
[Round "?"]
[White "Hossa"]
[Black "PostModernist"]
[Result "0-1"]
[WhiteElo "2512"]
[BlackElo "2528"]
[PlyCount "73"]
[EventDate "1999.??.??"]

1. e4 e5 2. Nf3 Nf6 3. Nxe5 d6 4. Nd3 Nxe4 5. Be2 Be7 6. O-O O-O 7. Re1 Re8 8.
Bf3 Ng5 9. Bh5 Bf5 10. Nf4 Nd7 11. Nd5 Nf6 12. Nxf6+ Bxf6 13. Rxe8+ Qxe8 14.
Na3 Qc6 15. d4 Re8 16. c4 Qb6 17. Bxg5 Bxg5 18. Qa4 c6 19. Qb3 Qxb3 20. axb3
Bf6 21. g4 Be4 22. Rd1 Bf3 23. Ra1 Bxd4 24. Nc2 Bb6 25. Re1 Rxe1+ 26. Nxe1 Bd1
27. b4 g6 28. Bxg6 fxg6 29. h3 Be2 30. c5 dxc5 31. bxc5 Bxc5 32. Nc2 a5 33. g5
Bd3 34. Ne1 Be4 35. Kf1 a4 36. f3 Bb1 37. f4 {Hossa resigns} 0-1

[Event "ICS rated blitz match"]
[Site "204.178.125.65"]
[Date "1999.09.06"]
[Round "?"]
[White "Hossa"]
[Black "PostModernist"]
[Result "0-1"]
[WhiteElo "2456"]
[BlackElo "2586"]
[PlyCount "89"]
[EventDate "1999.??.??"]

1. e4 c5 2. Nf3 d6 3. d4 Nf6 4. Bb5+ Nbd7 5. Nc3 cxd4 6. Nxd4 g6 7. O-O Bg7 8.
Bg5 O-O 9. Qd2 a6 10. Bxd7 Bxd7 11. Bh6 Bxh6 12. Qxh6 Qb6 13. Nb3 Bb5 14. Nxb5
axb5 15. Nd2 b4 16. c3 bxc3 17. bxc3 Ra4 18. Rfb1 Qc6 19. f3 Rfa8 20. a3 Qxc3
21. Rc1 Qd3 22. Rab1 Rxa3 23. Rxb7 Ra2 24. Rbc7 Rxd2 25. h3 Qe2 26. Rc8+ Ne8
27. Qg5 f6 28. Qg4 Rxc8 29. Rxc8 Qf2+ 30. Kh2 Kf7 31. Rc1 h5 32. Qg3 Qxg3+ 33.
Kxg3 h4+ 34. Kh2 Ng7 35. Rb1 Nh5 36. Kh1 Nf4 37. Rg1 Re2 38. g3 Nxh3 39. Rg2
Re1+ 40. Kh2 Ng5 41. Rf2 Re3 42. gxh4 Nxf3+ 43. Kg3 Ne5+ 44. Kg2 Rxe4 45. Kh3 {
Hossa resigns} 0-1

[Event "ICS rated blitz match"]
[Site "204.178.125.65"]
[Date "1999.08.30"]
[Round "?"]
[White "Hossa"]
[Black "PostModernist"]
[Result "0-1"]
[WhiteElo "2504"]
[BlackElo "2506"]
[PlyCount "120"]
[EventDate "1999.??.??"]

1. e4 c5 2. Nf3 d6 3. d4 Nf6 4. Nc3 cxd4 5. Nxd4 a6 6. Be2 e6 7. O-O Be7 8. Be3
Qc7 9. Bd3 Nc6 10. Qf3 O-O 11. Qg3 e5 12. Nde2 Qd7 13. Rad1 Qg4 14. a3 Qxg3 15.
Nxg3 Bg4 16. f3 Be6 17. Nge2 Rfc8 18. Kh1 b5 19. Bg5 b4 20. axb4 Nxb4 21. Rd2
Nxd3 22. Rxd3 Bc4 23. Rd2 Rab8 24. Bxf6 Bxf6 25. Rb1 Bxe2 26. Nxe2 Bg5 27. Rxd6
Rxc2 28. Ng1 Rbxb2 29. Rxb2 Rxb2 30. Rxa6 g6 31. Ra3 Kg7 32. g3 Bd8 33. f4 exf4
34. gxf4 Rb4 35. Re3 Rb1 36. Rg3 Bb6 37. Rg4 Kf6 38. Rg3 Re1 39. Rg5 h6 40. e5+
Ke6 41. Rg3 Kf5 42. e6 Kxe6 43. h3 Kf5 44. Kh2 Bxg1+ 45. Rxg1 Rxg1 46. Kxg1
Kxf4 47. Kh1 Kg3 48. Kg1 f5 49. h4 f4 50. Kf1 f3 51. h5 gxh5 52. Ke1 f2+ 53.
Kf1 h4 54. Ke2 h3 55. Kd3 f1=Q+ 56. Kd4 h2 57. Kc5 h1=Q 58. Kb4 Qd5 59. Kc3
Qdc4+ 60. Kb2 60... Qfc1# {Hossa checkmated} 0-1

[Event "ICS rated blitz match"]
[Site "204.178.125.65"]
[Date "1999.10.06"]
[Round "?"]
[White "Hossa"]
[Black "PostModernist"]
[Result "0-1"]
[WhiteElo "2524"]
[BlackElo "2641"]
[PlyCount "91"]
[EventDate "1999.??.??"]

1. e4 c5 2. c3 d5 3. exd5 Qxd5 4. d4 e6 5. Nf3 Nf6 6. Bd3 Be7 7. O-O Nc6 8. Be3
O-O 9. Nbd2 b6 10. Re1 cxd4 11. Bc4 Qf5 12. cxd4 Bb7 13. Rc1 Nd5 14. Qc2 Nxe3
15. fxe3 Qh5 16. Qa4 a6 17. Qd1 Rfc8 18. Rf1 b5 19. Bb3 Qh6 20. Qe2 Rc7 21. Rc2
Rac8 22. Ne4 Na5 23. Rxc7 Rxc7 24. Ned2 Bd6 25. e4 Bf4 26. Bd1 Rd7 27. b4 Nc6
28. Nb3 Nxd4 29. Nbxd4 Rxd4 30. Bc2 Rxb4 31. Rd1 Bc7 32. Rd7 Rc4 33. Qd1 Qe3+
34. Kh1 Qc5 35. Ne1 Bb6 36. Nd3 Qc8 37. Ne1 g6 38. e5 Qc5 39. Rd8+ Kg7 40. Rd4
Rxd4 41. Nd3 Rg4 42. Nf4 Rxf4 43. Be4 Bxe4 44. Qe1 Qc2 45. Qg1 Qxg2+ 46. Qxg2 {
Hossa resigns} 0-1

[Event "ICS rated blitz match"]
[Site "204.178.125.65"]
[Date "1999.09.23"]
[Round "?"]
[White "Hossa"]
[Black "PostModernist"]
[Result "0-1"]
[WhiteElo "2428"]
[BlackElo "2607"]
[PlyCount "134"]
[EventDate "1999.??.??"]

1. d4 Nf6 2. c4 e6 3. Nf3 d5 4. Nc3 Bb4 5. Bg5 dxc4 6. e4 c5 7. Bxc4 cxd4 8.
Bxf6 Qxf6 9. Nxd4 Nc6 10. Ndb5 Qe5 11. Be2 a6 12. a3 Bc5 13. O-O O-O 14. Qa4
Bd7 15. Qc4 Na5 16. Qa4 axb5 17. Bxb5 Nc6 18. Qc4 Rfc8 19. Qd3 Bd4 20. Rac1 Rd8
21. Rfe1 Qg5 22. a4 Ne5 23. Qg3 Qxg3 24. hxg3 Bxb5 25. Nxb5 Nd3 26. Nxd4 Rxd4
27. Rcd1 Rad8 28. Re3 e5 29. Rd2 Nc5 30. Rc2 Nxe4 31. Rce2 f5 32. g4 Nf6 33.
Rxe5 Nxg4 34. Re7 Rxa4 35. g3 b5 36. Rb7 Re4 37. Rc2 Rc4 38. Re2 g6 39. Rxb5
Re4 40. Rxe4 fxe4 41. Rg5 Nf6 42. Rb5 Rd2 43. Rb4 h5 44. b3 Ng4 45. Rxe4 Nxf2
46. Re3 Rb2 47. Kf1 Ng4 48. Rd3 Kg7 49. Ke1 Nf2 50. Re3 Kh6 51. Kf1 Kg5 52. b4
Kg4 53. Kg1 Kh3 54. Kf1 Nh1 55. Re6 Nxg3+ 56. Ke1 g5 57. Rb6 Ne4 58. Kf1 g4 59.
Rh6 h4 60. Ke1 g3 61. Kd1 g2 62. Kc1 Re2 63. Rg6 Ng3 64. Rd6 g1=Q+ 65. Rd1 Qe3+
66. Kb1 Qb3+ 67. Kc1 67... Qc2# {Hossa checkmated} 0-1

[Event "ICS rated blitz match"]
[Site "204.178.125.65"]
[Date "1999.09.04"]
[Round "?"]
[White "Hossa"]
[Black "PostModernist"]
[Result "0-1"]
[WhiteElo "2436"]
[BlackElo "2479"]
[PlyCount "114"]
[EventDate "1999.??.??"]

1. c4 e6 2. d4 Nf6 3. Bg5 c5 4. d5 b5 5. dxe6 fxe6 6. e4 Qa5+ 7. Qd2 Qxd2+ 8.
Nxd2 b4 9. Be2 Bb7 10. Bf3 d6 11. a3 Nc6 12. Bxf6 gxf6 13. Bh5+ Ke7 14. Nh3 Bh6
15. f4 e5 16. axb4 Nxb4 17. O-O Nd3 18. g3 Rhg8 19. Kh1 exf4 20. g4 f3 21. Nxf3
Bc6 22. b3 Be3 23. Ra2 Nc1 24. Rg2 Nxb3 25. Re1 Bg5 26. Rb2 Na5 27. Rc2 h6 28.
Rc3 Bd7 29. Rd1 Be6 30. Nfg1 Nxc4 31. Nf3 Rab8 32. Ra1 a5 33. Nf2 Rb2 34. Nd3
Re2 35. h4 Be3 36. Rb3 d5 37. Ng1 Rd2 38. Nf3 Rxd3 39. Rxd3 dxe4 40. Rxe3 Nxe3
41. Nh2 Nc4 42. Rf1 e3 43. Kg2 a4 44. Rb1 a3 45. Rb7+ Kd6 46. Kg3 a2 47. Ra7
Nb6 48. Ra6 Bc4 49. Rxb6+ Kc7 50. Bf7 e2 51. Nf3 a1=Q 52. Bxc4 e1=Q+ 53. Nxe1
Qxe1+ 54. Kh3 Qe3+ 55. Kh2 Rxg4 56. Rxf6 Qg3+ 57. Kh1 57... Rxh4# {
Hossa checkmated} 0-1

[Event "ICS rated blitz match"]
[Site "204.178.125.65"]
[Date "1999.10.14"]
[Round "?"]
[White "Hossa"]
[Black "PostModernist"]
[Result "0-1"]
[WhiteElo "2349"]
[BlackElo "2630"]
[PlyCount "97"]
[EventDate "1999.??.??"]

1. c4 b6 2. d4 e6 3. Nc3 Bb7 4. Bf4 Nf6 5. Nf3 d5 6. cxd5 Nxd5 7. Bg5 Nxc3 8.
bxc3 Be7 9. Bxe7 Qxe7 10. e3 O-O 11. Bd3 h6 12. O-O c5 13. Ne5 Nc6 14. Nxc6
Bxc6 15. Rc1 Qg5 16. e4 Rac8 17. Qe2 Rfd8 18. Qe3 Qxe3 19. fxe3 b5 20. Kf2 c4
21. Bc2 a5 22. Rb1 f6 23. Kf3 Rc7 24. a3 Rf7 25. Kg3 g6 26. Rf4 Kg7 27. Rbf1
Rff8 28. R4f2 a4 29. Rb1 Rfe8 30. Rb4 g5 31. Kg4 f5+ 32. exf5 exf5+ 33. Bxf5
Rxe3 34. d5 Rxd5 35. Rf3 Rxf3 36. gxf3 h5+ 37. Kxg5 Bd7 38. Kf4 Bxf5 39. Rb2
Kf6 40. h4 Bd7 41. Kg3 Rd3 42. Rc2 Kf5 43. Kh2 Rxf3 44. Rd2 Rd3 45. Rc2 Kg4 46.
Kg1 Rd1+ 47. Kf2 Kxh4 48. Re2 Rc1 49. Re3 {Hossa resigns} 0-1

[Event "ICS rated blitz match"]
[Site "204.178.125.65"]
[Date "1999.09.16"]
[Round "?"]
[White "Hossa"]
[Black "PostModernist"]
[Result "1/2-1/2"]
[WhiteElo "2425"]
[BlackElo "2551"]
[PlyCount "128"]
[EventDate "1999.??.??"]

1. d4 Nf6 2. Bg5 d5 3. e3 g6 4. Bb5+ Bd7 5. Nc3 e6 6. Nge2 Nc6 7. e4 dxe4 8.
Nxe4 Be7 9. Bxf6 Bxf6 10. Nxf6+ Qxf6 11. O-O O-O-O 12. c3 e5 13. Qa4 exd4 14.
cxd4 a6 15. Bxa6 Na7 16. Bxb7+ Kxb7 17. Qb3+ Kc8 18. Qa3 Qb6 19. Rfe1 Bb5 20.
Nc3 Rxd4 21. Re7 Rd2 22. Rxf7 Be8 23. Rf8 Rxf8 24. Qxf8 Rd8 25. Qf3 Bc6 26.
Qg4+ Kb7 27. Qe2 Nb5 28. Na4 Qd4 29. Nc3 Nxc3 30. bxc3 Qxc3 31. Rb1+ Ka7 32.
Qe7 Rd7 33. Qf8 Qc2 34. Qa3+ Ba4 35. Qe3+ Ka6 36. Qe6+ c6 37. Re1 Rd8 38. h4
Rd2 39. Qc8+ Ka5 40. Re5+ Kb4 41. Qf8+ c5 42. a3+ Kxa3 43. Rxc5 Qd1+ 44. Kh2
Rd6 45. Re5 Bd7 46. Re7 Kb2 47. Rxh7 Qd5 48. Re7 Bc6 49. f3 Qd4 50. Re2+ Kc3
51. Qe7 Kc4 52. Qg5 Kb4 53. h5 gxh5 54. Qxh5 Qf4+ 55. Kg1 Qc1+ 56. Kf2 Qc3 57.
Qf5 Qd4+ 58. Kg3 Ka3 59. Qa5+ Ba4 60. Re4 Rg6+ 61. Kh2 Rh6+ 62. Kg3 Rg6+ 63.
Kh2 Rh6+ 64. Kg3 64... Rg6+ {Game drawn by repetition} 1/2-1/2

[Event "ICS rated blitz match"]
[Site "204.178.125.65"]
[Date "1999.09.22"]
[Round "?"]
[White "Hossa"]
[Black "PostModernist"]
[Result "0-1"]
[WhiteElo "2110"]
[BlackElo "2525"]
[PlyCount "91"]
[EventDate "1999.??.??"]

1. d4 Nf6 2. c4 e6 3. Nc3 Bb4 4. Qc2 c5 5. a3 Bxc3+ 6. bxc3 Nc6 7. e3 O-O 8.
Bd3 d6 9. Ne2 e5 10. O-O Re8 11. Qd2 e4 12. Bb1 b6 13. Ba2 Ba6 14. Bb3 Na5 15.
Ba4 Nxc4 16. Qe1 Re7 17. Ng3 d5 18. Rb1 Rc7 19. Qd1 cxd4 20. cxd4 Rac8 21. Re1
Qf8 22. Rb4 Bb7 23. Ne2 Bc6 24. Bb3 a5 25. Rxc4 dxc4 26. Bxc4 Ba4 27. Qxa4 Rxc4
28. Qb5 Rc2 29. Rd1 Ra2 30. Bb2 Rc2 31. Rb1 a4 32. Kf1 Qd6 33. Ng3 Qe6 34. Qxa4
Qc8 35. Kg1 Rcxb2 36. Rxb2 Rxb2 37. Nf1 Nd5 38. Qa7 g6 39. h4 Rb1 40. f4 exf3
41. h5 fxg2 42. Qxf7+ Kxf7 43. hxg6+ hxg6 44. Kxg2 Qg4+ 45. Ng3 Rb2+ 46. Kg1 {
Hossa resigns} 0-1

[Event "ICS rated blitz match"]
[Site "204.178.125.65"]
[Date "1999.09.16"]
[Round "?"]
[White "Hossa"]
[Black "PostModernist"]
[Result "1-0"]
[WhiteElo "2396"]
[BlackElo "2553"]
[PlyCount "169"]
[EventDate "1999.??.??"]

1. e4 c5 2. d4 Nf6 3. e5 Ne4 4. Bd3 Qa5+ 5. c3 Nxc3 6. bxc3 cxd4 7. Ne2 Nc6 8.
f4 dxc3 9. Nbxc3 e6 10. Be4 Bc5 11. Rb1 a6 12. Bd2 Qd8 13. Na4 Ba7 14. Qc2 Qh4+
15. g3 Qh5 16. Nb6 Bxb6 17. Rxb6 O-O 18. Bc3 Qh3 19. Kf2 Re8 20. Bg2 Qh6 21.
Qb2 Qg6 22. Rd1 a5 23. Kg1 a4 24. a3 Qh5 25. Rc1 Qh6 26. Qd2 Ra7 27. Nd4 Ra8
28. Nb5 Rd8 29. Nc7 Ra7 30. Qe3 Ne7 31. Rb4 Ra6 32. Nxa6 bxa6 33. Rb8 g5 34.
fxg5 Qh5 35. Qf4 Nc6 36. Rb6 Qe2 37. Rb2 Qh5 38. Rd2 Re8 39. Rd6 Qe2 40. Bf1
Qh5 41. Rb1 Ne7 42. Bd2 Ng6 43. Qf6 Ne7 44. Rb8 Nc6 45. Ra8 Rf8 46. Bf4 Qf3 47.
Rd3 Qh5 48. Be3 Qg6 49. Qf4 Qg7 50. Bc5 Rd8 51. Bb6 Re8 52. Bc7 Ne7 53. Qc1 Qf8
54. Bd6 Bb7 55. Ra7 Bc6 56. Rc3 Bb5 57. Bh3 Rd8 58. Rf3 Be2 59. Rf2 Bd3 60. Qd2
Bb5 61. Qb4 Re8 62. Rf6 Kh8 63. Rc7 Bc6 64. g6 hxg6 65. Bxe6 Qh6 66. Bxf7 Qe3+
67. Kf1 Qd3+ 68. Kf2 Qc2+ 69. Ke1 Qc1+ 70. Ke2 Qc2+ 71. Qd2 Qe4+ 72. Qe3 Qc2+
73. Ke1 Qb1+ 74. Kd2 Qb2+ 75. Kd3 Bb5+ 76. Ke4 Nf5 77. Rxf5 gxf5+ 78. Kxf5 Qb1+
79. Kg5 Rg8+ 80. Bxg8 Kxg8 81. Qf3 Qc2 82. Qf8+ Kh7 83. Rxc2 Bc6 84. Kf6 a5 85.
Qg7# {PostModernist checkmated} 1-0

[Event "ICS rated blitz match"]
[Site "204.178.125.65"]
[Date "1999.10.09"]
[Round "?"]
[White "Hossa"]
[Black "PostModernist"]
[Result "0-1"]
[WhiteElo "2493"]
[BlackElo "2572"]
[PlyCount "149"]
[EventDate "1999.??.??"]

1. e4 c5 2. g3 g6 3. d3 Nc6 4. Nc3 Nf6 5. Nf3 d6 6. Bg2 Bg7 7. O-O O-O 8. Bg5
b6 9. Nd2 Bg4 10. Qc1 Qd7 11. Nc4 Rfd8 12. Bxf6 Bxf6 13. Nd5 Bg7 14. Qg5 Re8
15. Ncxb6 axb6 16. Nxb6 Bf6 17. Qh6 Qb7 18. Nxa8 Rxa8 19. Rfb1 Be6 20. a4 Ra7
21. Ra3 Qb8 22. Qc1 Qe8 23. c3 Ne5 24. Qd1 Bg4 25. f3 Bd7 26. b3 Nc6 27. Qd2 e6
28. b4 cxb4 29. cxb4 Nd4 30. a5 Rc7 31. Kh1 Rc2 32. Qf4 Kg7 33. Qe3 Qg8 34. Qe1
Nb5 35. Rab3 Bd4 36. Rc1 Ra2 37. f4 Kh8 38. Rc4 e5 39. Rb1 Na3 40. Rxd4 exd4
41. Rc1 Be6 42. Qg1 Nb5 43. Rc6 Rb2 44. Qe1 Bd7 45. Rc4 Na3 46. Rc7 Qd8 47. Rc1
Qb8 48. a6 Qa7 49. Ra1 Qxa6 50. Qc1 Rb3 51. Qg1 Qxd3 52. Rd1 Qe3 53. Rxd4 Rb1
54. Rd1 Qxg1+ 55. Rxg1 Rxb4 56. Ra1 Nb5 57. h3 Bc6 58. Re1 Kg7 59. g4 Bb7 60.
Re3 Rb2 61. h4 Nd4 62. h5 Re2 63. Rxe2 Nxe2 64. hxg6 hxg6 65. Kh2 Nxf4 66. Bf3
Nd3 67. Kg1 f5 68. gxf5 gxf5 69. Bd1 fxe4 70. Kg2 d5 71. Kg3 d4 72. Bc2 Nb2 73.
Kg4 d3 74. Bb3 e3 75. Be6 {Hossa resigns} 0-1

[Event "ICS rated blitz match"]
[Site "204.178.125.65"]
[Date "1999.10.06"]
[Round "?"]
[White "Hossa"]
[Black "PostModernist"]
[Result "1-0"]
[WhiteElo "2520"]
[BlackElo "2665"]
[PlyCount "93"]
[EventDate "1999.??.??"]

1. e4 c5 2. c3 d6 3. d4 Nf6 4. f3 d5 5. Bb5+ Bd7 6. Bxd7+ Nbxd7 7. e5 Ng8 8.
Qb3 Qc7 9. Ne2 e6 10. O-O O-O-O 11. Na3 c4 12. Qa4 Qb6 13. f4 f6 14. Kh1 Kb8
15. b3 cxb3 16. axb3 Ne7 17. c4 Nf5 18. cxd5 Bxa3 19. Rxa3 Nf8 20. d6 Rc8 21.
Ra2 Ng6 22. g4 Nfh4 23. f5 Nf8 24. exf6 gxf6 25. Bf4 Rd8 26. Bg3 Nxf5 27. gxf5
Rg8 28. fxe6 Nxe6 29. Rxf6 Rxg3 30. hxg3 Ng7 31. Qa5 Qxa5 32. Rxa5 Ka8 33. Rg5
Ne8 34. Rg8 Kb8 35. Rf7 Kc8 36. Rxe8 Rxe8 37. d7+ Kd8 38. dxe8=Q+ Kxe8 39. Rxb7
h6 40. Rxa7 Kd8 41. Rh7 Kc8 42. d5 Kd8 43. Nd4 h5 44. d6 h4 45. Nc6+ Ke8 46.
d7+ Kf8 47. d8=Q# {PostModernist checkmated} 1-0

[Event "ICS rated blitz match"]
[Site "204.178.125.65"]
[Date "1999.09.25"]
[Round "?"]
[White "Hossa"]
[Black "PostModernist"]
[Result "0-1"]
[WhiteElo "2486"]
[BlackElo "2568"]
[PlyCount "113"]
[EventDate "1999.??.??"]

1. c4 c5 2. Nf3 g6 3. Nc3 Bg7 4. e4 Nc6 5. d3 e6 6. Be2 d6 7. O-O e5 8. Nd5 Nf6
9. Nxf6+ Qxf6 10. Bg5 Qe6 11. Qd2 Bd7 12. a3 f6 13. Be3 Nd4 14. Rae1 Nxe2+ 15.
Rxe2 Qe7 16. Nh4 g5 17. Nf5 Bxf5 18. exf5 O-O-O 19. Qa5 b6 20. Qa6+ Qb7 21. Qb5
h5 22. b4 h4 23. f3 Kb8 24. h3 Qc8 25. Rb1 Bf8 26. Rd2 Qxf5 27. bxc5 dxc5 28.
Rbd1 Rh7 29. a4 Qd7 30. Qb1 Qxa4 31. Ra2 Qd7 32. Qc2 Rf7 33. Ra3 Qc6 34. Rda1
Rfd7 35. Rb3 Be7 36. Raa3 f5 37. Ra1 Qg6 38. Raa3 g4 39. hxg4 fxg4 40. f4 e4
41. Qa2 exd3 42. Qa1 Qe4 43. Bd2 Qxc4 44. Bc3 h3 45. Be5+ Ka8 46. gxh3 gxh3 47.
Kh2 Qe4 48. Qf1 d2 49. Rb1 d1=Q 50. Rxd1 Rxd1 51. Qf3 R8d2+ 52. Kxh3 Rh1+ 53.
Kg3 Bh4+ 54. Kg4 Rg2+ 55. Qxg2 Qxg2+ 56. Kf5 Qc2+ 57. Ke6 {Hossa resigns} 0-1

[Event "ICS rated blitz match"]
[Site "204.178.125.65"]
[Date "1999.08.29"]
[Round "?"]
[White "Hossa"]
[Black "Ppizarro"]
[Result "1-0"]
[WhiteElo "2474"]
[BlackElo "2309"]
[PlyCount "89"]
[EventDate "1999.??.??"]

1. d4 g6 2. e4 d6 3. Bb5+ Bd7 4. Bxd7+ Nxd7 5. Ne2 Bg7 6. O-O Ngf6 7. f3 O-O 8.
Bg5 h6 9. Bxf6 Nxf6 10. Nd2 e5 11. c3 Nd7 12. Qb3 Rb8 13. Qa4 a6 14. Rad1 Qe7
15. Qb3 Kh7 16. f4 exd4 17. cxd4 f5 18. e5 Nb6 19. Rc1 Qf7 20. e6 Qe7 21. d5
Rfe8 22. Rfe1 Bf6 23. Nf3 Nc8 24. Rc2 Na7 25. Qe3 Ra8 26. Qd3 Kg7 27. Ned4 Rac8
28. Qb3 Rb8 29. Qe3 Rec8 30. Nxf5+ gxf5 31. Qxa7 b6 32. Qxa6 Ra8 33. Qb7 Rab8
34. Qc6 Qe8 35. Qxe8 Rxe8 36. Rxc7+ Re7 37. Rxe7+ Bxe7 38. Nd4 Ra8 39. Nxf5+
Kf6 40. Nxh6 Rh8 41. g4 b5 42. g5+ Kg7 43. Nf5+ Kf8 44. Rc1 Rh3 45. Rc8+ {
Ppizarro resigns} 1-0

[Event "ICS rated blitz match"]
[Site "204.178.125.65"]
[Date "1999.10.15"]
[Round "?"]
[White "Hossa"]
[Black "PrinceRupert"]
[Result "1-0"]
[WhiteElo "2335"]
[BlackElo "2232"]
[PlyCount "22"]
[EventDate "1999.??.??"]

1. e4 e5 2. Nf3 Nc6 3. Bc4 d6 4. Nc3 g6 5. d4 Bg7 6. dxe5 dxe5 7. Qxd8+ Nxd8 8.
Nb5 Kd7 9. Be3 Nh6 10. O-O-O+ Kc6 11. Nc3 11... b5 {PrinceRupert resigns} 1-0

[Event "ICS rated blitz match"]
[Site "204.178.125.65"]
[Date "1999.09.18"]
[Round "?"]
[White "Hossa"]
[Black "PushOver"]
[Result "1-0"]
[WhiteElo "2456"]
[BlackElo "2194"]
[PlyCount "29"]
[EventDate "1999.??.??"]

1. d4 Nf6 2. c4 g6 3. Nc3 Bg7 4. e4 d6 5. f3 O-O 6. Be3 Nbd7 7. Qd2 c5 8. d5
Ne5 9. Bh6 Bxh6 10. Qxh6 Qa5 11. O-O-O a6 12. h3 Bd7 13. f4 Neg4 14. hxg4 Nxg4
15. Qxh7# {PushOver checkmated} 1-0